000 00516nam a2200181Ia 4500
008 220531s9999 xx 000 0 und d
041 _amar
100 _aभिरुड सु. नाफडे भा.
_963028
245 _aकंपनी कायची मूलतत्‍वे
250 _a1ST
260 _aPune
_bNirali
_c2014
300 _a10.48
542 _d03-07-2014
551 _aCommerce
_bGrantebal-C
650 _acommerce
_963029
906 _d2014-2015
_f197
999 _c35828
_d35828